000 00629nam a22002057a 4500
003 OSt
005 20250709054709.0
008 250709b |||||||| |||| 00| 0 eng d
020 _a 9789719654476
040 _aDWCL - Main lib
_cOC
082 _aFil. 001.42 F634m 2016
100 _aFlores, Marivic F.
245 _aMethods of research in business education/
_cMarivic F. Flores
260 _aManila :
_bUnlimited Books,
_cc2016.
300 _a viii, 232 pages ;
_c 23 cm.
504 _aIncludes bibliographical references.
650 _a1. Research methods.
650 _a2. Research.
942 _2ddc
_cBK - FIL
_kFil.
_n0
999 _c3531
_d3531